000
00292cam a2200133ua 4500
041
_a
eng
_h
082
_a
828.09
_b
LAW/DE
100
_a
Lawrence, D H .
245
_a
Deep of life /
_c
D H Lawrence.
_h
Textual Documents
300
_a
229 ; .
504
_a
942
_c
BK
999
_c
4914
_d
4914